L´amour et le temps : roman /

Uložené v:
Podrobná bibliografia
Hlavný autor: Margerit, Robert (Author)
Médium: Kniha
Jazyk:French
Vydané: Paris : Phébus, 1989
Vydanie:1e éd.
Edícia:La révolution 1
ISBN: 2859401202 (brož.)
Fyzický popis: 488 s.
Tagy: Pridať tag
Žiadne tagy, Buďte prvý kto otaguje tento záznam!

MARC

LEADER 00000nam a2200000 a 4500
001 000252521
005 20060701180829.0
008 060522s1989 fr e 000 0 freo
020 |a 2859401202 (brož.) 
040 |a SVKKK  |b slo  |c SVKKK  |e AACR2 
041 0 |a fre 
044 |a fr  |c FR 
100 1 |a Margerit, Robert  |4 aut 
245 1 0 |a L´amour et le temps :  |b roman /  |c Robert Margerit 
250 |a 1e éd. 
260 |a Paris :  |b Phébus,  |c 1989 
300 |a 488 s. 
440 0 |a La révolution  |v 1 
919 |a 2-85940-120-2 
998 |a BK 
090 |g SCKHL  |k Sklad Pribinova 2. posch.  |a II.343617  |j 833965  |i 2720197113  |s Absenčne